| 000 | 01347cab a2200241 4500 | ||
|---|---|---|---|
| 001 | ABS58702 | ||
| 008 | 090401t1998 xxu||||| |||| 00| 0 eng d | ||
| 035 | _a(Sirsi) u86642 | ||
| 041 | _aeng | ||
| 245 | _aFletcher Estates (Harlescott) Ltd and another v SoS Environment and another | ||
| 260 | _c1998 | ||
| 350 | _a0 | ||
| 490 |
_aEstates Gazette _v[1998] 21 EG 162-169(8), (23/05/98) |
||
| 520 | _aQBD 10 June 1997. SoS Transport made a proposal within the Land Compensation Act 1962 s22(2) to acquire parcels of land owned by the two plaintiffs (F). Following an application, the local planning authority issued certificates for appropriate alternative development. Negative certificates were subsequently issued by E, adopting the date of entry as the relevant date for foreseeable planning policies. F contended that the relevant date is that when the original proposal was made. E`s decision quashed. | ||
| 650 | _aCERTIFICATE OF APPROPRIATE ALTERNATIVE DEVELOPMENT | ||
| 650 | _aCOMPULSORY PURCHASE ORDER | ||
| 650 | _aFLETCHER ESTATES (HARLESCOTT) LTD AND ANOTHER V SOS ENVIRONMENT | ||
| 650 | _aLAND COMPENSATION ACT 1961 S17 | ||
| 650 | _aLAND COMPENSATION ACT 1961 S22(2) | ||
| 690 | _aENVIRONMENTAL AND LAND CONSULTANCY-PLANNING AND DEVELOPMENT-COMPULSORY PURCHASE AND COMPENSATION | ||
| 942 | _n0 | ||
| 948 | _c08/06/1998 | ||
| 999 |
_c54561 _d54561 |
||